| 000 | 00311nam a2200133 i 4500 | ||
|---|---|---|---|
| 001 | bg | ||
| 245 | 0 | _aTeorija funkcij funkcjonalnyj analiz i ich prilożenja. | |
| 250 | _aNypusk 13. | ||
| 260 |
_aCharkov, _c1971. |
||
| 040 | _cBPK | ||
| 041 | _apol | ||
| 942 | _cKS | ||
| 008 | s pl f |000 0 pol | ||
| 999 |
_c7309 _d7309 |
||
| 856 |
_uhttp://koha.tu.koszalin.pl/cgi-bin/koha/opac-detail.pl?biblionumber=7309 _yKatalog online BPK |
||